000
00333nam a2200133Ia 4500
008
150201s2014 xx 000 0 und d
082
_a
611.313
_b
O2012R
100
_a
RAJKUMAR.K.
245
_a
TEXT BOOK OF ORAL ANATOMY ,HISTOLOGY
250
_a
1ST
260
_b
WALTER KLUMER PUBLICATION
650
_a
ANATOMY
942
_2
ddc
_c
BK
_0
17
999
_c
4899
_d
4899